[Event "Francophonie-chT Rapid"]
[Site "Tornelo INT"]
[Date "2022.06.04"]
[Round "1.11"]
[White "Sayar, Veijeh"]
[Black "Boydia, Sidi"]
[Result "0-1"]
[WhiteElo "1392"]
[BlackElo "1997"]
[PlyCount "58"]
[EventDate "2022.06.04"]
[EventType "team-swiss (rapid)"]
[EventRounds "11"]
[EventCountry "FRA"]
[SourceTitle "CBM 208 Extra"]
[Source "ChessBase"]
[SourceDate "2022.07.31"]
[SourceVersion "1"]
[SourceVersionDate "2022.07.31"]
[SourceQuality "1"]
[WhiteTeam "Mauritania II"]
[BlackTeam "Mauritania"]
[WhiteTeamCountry "MAU"]
[BlackTeamCountry "MAU"]

1. Nf3 Nf6 2. g3 e6 3. Bg2 d5 4. d3 Be7 5. c3 b6 6. Nbd2 Bb7 7. d4 Nbd7 8. 0-0 0-0 9. Re1 c5 10. h3 Rc8 11. Nh2 e5 12. e3 e4 13. Ng4 Nxg4 14. Qxg4 Nf6 15. Qe2 c4 16. b3 b5 17. f3 exf3 18. Nxf3 Bd6 19. Ne5 Qe7 20. e4 dxe4 21. Bxe4 Nxe4 22. Bf4 Rfe8 23. Qe3 cxb3 24. axb3 Rxc3 25. Nd3 Bxf4 26. gxf4 a6 27. b4 Qh4 28. Kh2 Rxd3 29. Qxd3 Qf2+ 0-1